00300nam a2200109Ia 4500003000500000008004100005040001900046100002200065245003500087260005300122300001500175PILC220421s2000 xx 000 0 und d cEARIST LIBRARY aFajardo, Jr.Max B 0aElectrical Lay out& Estimate / a5138 Merchandising,b5138 Merchandising :c2000. a340 pages;